000 00528nam a2200229Ia 4500
003 OSt
005 20221007115731.0
006 a|||||r|||| 00| 0
007 ta
008 221006b |||||||| |||| 00| 0 eng d
024 _a38,000
037 _cTextual
040 _aLCO
_cLCO
_beng
041 _2eng
_aeng
082 _aZ2,342, Q8
100 _aSHOURIE Arun
245 0 _aAnita gets Bails
260 _c2018
300 _a277
942 _hZ2,342, Q8
_cTEXL
999 _c1207563
_d1207563